Responses for Show #5366 - Monday, December 31, 2007

Dan Pawson game 3.

Contestants

[<< previous game]

Leslie "Lefty" Scott, a senior word processing typist originally from Smithfield, Rhode Island

Heather Doyle, a high school English teacher from St. Louis, Missouri (whose 1-day cash winnings total $26,800)

Dan Pawson, a legislative aide from Boston, Massachusetts (whose 2-day cash winnings total $36,500)

[next game >>]

Jeopardy! Round responses

"X" IN THE CITY
CELEBRITY AKA
THE INTERNET
ANIMALS
MY DREAM HOUSE
5-LETTER WORDS
    $200 15
Halifax

Dan
    $200 7
Coppola

Dan
    $200 1
iTunes

Dan
    $200 20
the Amazon

Heather
    $200 26
Colonial

Leslie
    $200 6
birth

Heather
    $400 16
Biloxi

Leslie
    $400 10
Miley

Heather
    $400 2
the @ sign

Triple Stumper
    $400 22
dogs

Leslie
    $400 27
Victorian

Heather
    $400 8
fetch

Dan
    $600 17
Luxor

Leslie
    $600 11
Elton John

Heather
    $600 3
DSL

Dan
    $600 23
a skunk

Dan
    $600 28
a ranch house

Leslie
    $600 9
pulse

Heather
    $1,000 18
Phoenix

Leslie
    $800 12
Michael Caine

Dan
    $800 4
Wi-Fi

Triple Stumper
    $800 24
(Leslie: Kah! [Puts hand to forehead in exasperation] Uh...)
(Alex: Oh, sorry!)
(Leslie: What's [*]?!)
...
(Alex: Yeah, Leslie blurted it out towards the end there when she ran out of time. Select again, Dan.)

mastodon

DanLeslie
    $800 29
a château

Leslie
    $800 13
color

Leslie
    $1000 19
(Dan: What is Sioux City?)

Sioux Falls

DanLeslie
    $1000 21
Meg Ryan

Dan
    $1000 5
CERN

Triple Stumper
    $1000 25
the badger

Triple Stumper
    $1000 30
a split-level

Heather
    $1000 14
state (phase accepted)

Dan

Scores at the first commercial break (after clue 15):

Dan Heather Leslie
$3,400 $1,800 $800

Scores at the end of the Jeopardy! Round:

Dan Heather Leslie
$4,800 $3,400 $5,000

Double Jeopardy! Round responses

PATRONS OF THE ARTS
THE BLUES
GREAT ALEXANDERS
APPROXIMATE WEIGHTS & MEASURES
ASSASSIN & VICTIM
UNDER THE "C"
    $400 6
Hallmark

Dan
    $400 25
the Blue Jays

Dan
    $400 9
Alexander Hamilton

Leslie
    $400 20
pinch

Dan
    $400 15
Julius Caesar

Dan
    $400 1
consonants

Dan
    $800 7
Impressionist

Dan
    $800 26
Denzel Washington

Heather
    $800 10
(Alexander) Pope

Heather
    $800 21
a swarm

Heather
    $800 16
Martin Luther King Junior

Dan
    $800 2
Caracas

Heather
    $500 8
(Alex: Answer: Daily Double. Good for you.)
(Dan: [Chuckles nervously])
(Alex: Ha-ha! Maybe not! You have doubts?)
(Dan: I have doubts. How about $500.)
(Alex: $500 only.)
...
(Dan: My wife's going to kill me. Uh... [Shakes head] I don't--I don't know. What are the Elizabeth's Men?)

the King's Men

Dan
    $1200 27
Hill Street Blues

Dan
    $1200 11
Aleksandr Solzhenitsyn

Leslie
    $1200 22
dash & splash

Heather
    $1200 17
McKinley

Dan
    $1200 3
the curd

Dan
    $1600 14
Benetton

Heather
    $1600 28
the Blue Man Group

Dan
    $1600 12
(Alexander) Haig

Dan
    $1600 23
a slew

Heather
    $1600 18
Yitzhak Rabin

Dan
    $1600 4
the cruising altitude

Dan
    $2000 30
the Pauline Chapel

Triple Stumper
    $2000 29
Marlene Dietrich

Leslie
    $2000 13
Calder

Heather
    $2000 24
soupçon

Leslie
    $3,000 19
(Dan: Who is... Who is Nehru?)
(Alex: No. You picked the ri--you were in the right country, you picked the wrong one. [*].)

Mohandas Gandhi

Dan
    $2000 5
the Cullinan

Leslie

Scores at the end of the Double Jeopardy! Round:

Dan Heather Leslie
$14,900 $13,000 $12,600

[wagering suggestions for these scores]

Final Jeopardy! Round responses

POETRY
(Alex: [To Leslie] And you are, of course, correct. Bringing news of the Athenian victory.)
LeslieWhat is Marathon?
$10,000
HeatherWhat is the Battle of Marathon?
$399
DanWhat is Marathon?
$11,100
the Battle of Marathon

Final scores:

Dan Heather Leslie
$26,000 $13,399 $22,600
3-day champion: $62,500 3rd place: $1,000 2nd place: $2,000

Game dynamics:

Coryat scores:

Dan Heather Leslie
$18,400 $13,000 $12,400
24 R,
3 W
(including 2 DDs)
15 R,
0 W
14 R
(including 1 DD),
1 W

Combined Coryat: $43,800

[game clues] [game scores] [suggest correction]

Game tape date: 2007-10-16
The J! Archive is created by fans, for fans. Scraping, republication, monetization, and malicious use prohibited; this site may use cookies and collect identifying information. See terms. The Jeopardy! game show and all elements thereof, including but not limited to copyright and trademark thereto, are the property of Jeopardy Productions, Inc. and are protected under law. This website is not affiliated with, sponsored by, or operated by Jeopardy Productions, Inc. Join the discussion at JBoard.tv.